000 01129nam0a22002411 4500
001 rc\948690
005 20041129100045.3
035 _a(NLR Aleph) 006120575
090 _a5456454
_c5456454
100 _a20041129d1982 u |0rusy50 ca
101 0 _arus
102 _aRU
105 _ay |||||||||
200 1 _aМетодические указания по экономическому анализу деятельности государственных архивов в области хранения документации управленческой и личного происхождения
_fГл. арх. упр. при Совете Министров СССР, ВНИИ документоведения и арх. дела
_g[Сост. к. и. н. Л.С. Терещенко]
210 _aМ.
_cБ. и.
_d1982
215 _a13 с.
_d20
702 1 _aТерещенко
_bЛ. С.
_4220
712 0 2 _aВНИИ документоведения и архивного дела
_3RU\NLR\AUTH\8810018038
801 0 _aRU
_bNLR
_gpsbo
801 1 _aRU
_bELAR
_2rusmarc
852 _aNLR
_j83-4/2459
942 _cBOOK
980 _aNB